LIBRARY ONLINE CATALOGUE

Effective presentation : (Record no. 9337)

MARC details
000 -LEADER
fixed length control field 00778nam a22002412 4500
001 - CONTROL NUMBER
control field 0000020446
005 - DATE AND TIME OF LATEST TRANSACTION
control field 20151217152215.0
008 - FIXED-LENGTH DATA ELEMENTS--GENERAL INFORMATION
fixed length control field 110919s xx 000 0 eng d
020 ## - INTERNATIONAL STANDARD BOOK NUMBER
International Standard Book Number 0761934138 :
040 ## - CATALOGING SOURCE
Original cataloging agency KABU
Transcribing agency KABU
100 1# - MAIN ENTRY--PERSONAL NAME
Personal name Kaul, Asha.
-- 0000157087
245 10 - TITLE STATEMENT
Title Effective presentation :
Remainder of title talk your way to success /
Statement of responsibility, etc. Asha Kaul.
250 ## - EDITION STATEMENT
Edition statement 1st ed.
260 ## - PUBLICATION, DISTRIBUTION, ETC. (IMPRINT)
Place of publication, distribution, etc. London :
Name of publisher, distributor, etc. Response Books,
Date of publication, distribution, etc. 2005.
300 ## - PHYSICAL DESCRIPTION
Extent 227 p.
650 #0 - SUBJECT ADDED ENTRY--TOPICAL TERM
Topical term or geographic name as entry element Business presentations.
-- 0000151656
650 #0 - SUBJECT ADDED ENTRY--TOPICAL TERM
Topical term or geographic name as entry element Visual communication.
-- 0000151977
650 #0 - SUBJECT ADDED ENTRY--TOPICAL TERM
Topical term or geographic name as entry element Oral communication.
-- 0000151989
852 1# - LOCATION
-- p2261.45 KES
852 1# - LOCATION
-- p2261.45 KES
908 ## - PUT COMMAND PARAMETER (RLIN)
Put command parameter 110919
950 ## - LOCAL HOLDINGS (RLIN)
-- 1
Holdings
Withdrawn status Lost status Source of classification or shelving scheme Not for loan Home library Current library Date acquired Total Checkouts Full call number Barcode Date last seen Date last checked out Price effective from Koha item type Total Renewals
    Library of Congress Classification   Kabarak, Main Campus Kabarak, Main Campus 17/12/2015 1 HF5718.22 .K38 2005 c. 1 19314 24/09/2018 12/09/2018 17/12/2015 General Collection  
    Library of Congress Classification   Kabarak, Main Campus Kabarak, Main Campus 17/12/2015 4 HF5718.22 .K38 2005 c. 2 19260 15/07/2021 05/07/2021 17/12/2015 General Collection 1